[Event "Moravia-Silesia Region-chT 2223"]
[Site "Czech Republic"]
[Date "2023.02.26"]
[Round "9"]
[White "Podlesny, Petr"]
[Black "Melecky, Jaroslav"]
[Result "0-1"]
[WhiteElo "1857"]
[BlackElo "1851"]
[PlyCount "90"]
[EventDate "2022.10.09"]
[EventType "team-tourn"]
[EventRounds "11"]
[EventCountry "CZE"]
[SourceTitle "EXT 2024"]
[Source "ChessBase"]
[SourceDate "2023.10.10"]
[SourceVersion "1"]
[SourceVersionDate "2023.10.10"]
[SourceQuality "1"]
[WhiteTeam "Havirov Banik"]
[BlackTeam "Dolni Benesov II"]
[WhiteTeamCountry "CZE"]
[BlackTeamCountry "CZE"]

1. e4 d5 2. e5 Bf5 3. d4 e6 4. Nf3 h6 5. c3 c5 6. Bd3 Bxd3 7. Qxd3 Nc6 8. 0-0 Qb6 9. dxc5 Bxc5 10. b4 Be7 11. a4 Qc7 12. Re1 a6 13. a5 Bd8 14. Bf4 Nge7 15. g4 Ng6 16. Bg3 0-0 17. Nbd2 Be7 18. h4 Rfd8 19. h5 Nf8 20. Nb3 Rac8 21. Rac1 Na7 22. Nfd4 Qc4 23. Qe3 Nb5 24. Nd2 Qa2 25. Nxb5 axb5 26. Nf3 Rc4 27. Nd4 Rdc8 28. f4 Qb2 29. Rc2 Qa3 30. Rec1 Bxb4 31. Nxb5 Qxa5 32. cxb4 Qxb5 33. Rxc4 Rxc4 34. Rxc4 Qxc4 35. Qb6 Qc6 36. Qd4 b5 37. Kg2 Qc4 38. Qd2 Nd7 39. Bf2 f6 40. Bd4 fxe5 41. fxe5 Nb8 42. g5 Nc6 43. Be3 Qxb4 44. Qc2 Qc4 45. gxh6 Qxc2+ 0-1

[Event "Bohuslavice rapid op 34th"]
[Site "Bohuslavice"]
[Date "2019.03.30"]
[Round "2"]
[White "Kriebel, Tadeas"]
[Black "Melecky, Jaroslav"]
[Result "1-0"]
[WhiteElo "2507"]
[BlackElo "1925"]
[PlyCount "123"]
[EventDate "2019.03.30"]
[EventType "swiss (rapid)"]
[EventRounds "9"]
[EventCountry "CZE"]
[SourceTitle "CBM 189 Extra"]
[Source "ChessBase"]
[SourceDate "2019.06.03"]
[SourceVersion "1"]
[SourceVersionDate "2019.06.03"]
[SourceQuality "1"]

1. e4 d5 2. exd5 Nf6 3. Nf3 Nxd5 4. d4 g6 5. c4 Nb6 6. Nc3 Bg7 7. h3 0-0 8. Be2 Re8 9. 0-0 Nc6 10. Be3 e5 11. d5 Ne7 12. a4 Nf5 13. Bg5 f6 14. Bd2 c6 15. a5 Nd7 16. a6 Nb6 17. axb7 Bxb7 18. dxc6 Bxc6 19. c5 Nd5 20. Ra6 Nxc3 21. Bxc3 Qxd1 22. Rxd1 Bb7 23. Raa1 Bf8 24. Rd7 Re7 25. Bc4+ Kh8 26. Rxb7 Rxb7 27. Bd5 Rbb8 28. Ra6 Ne7 29. Bxa8 Rxa8 30. Rxf6 Bg7 31. Re6 Nd5 32. Bxe5 Rc8 33. Ra6 Bxe5 34. Nxe5 Rxc5 35. Rxa7 Rc1+ 36. Kh2 Rc2 37. Nd3 Rd2 38. Ra3 Nb6 39. Kg3 Nc4 40. Rb3 Kg7 41. Kf3 Kf6 42. Rc3 Ne5+ 43. Nxe5 Kxe5 44. Re3+ Kf6 45. Re2 Rd4 46. Ke3 Rb4 47. Kd3 h5 48. Kc3 Rb7 49. b4 Rc7+ 50. Kb3 Rc1 51. b5 Rc5 52. Kb4 Rc1 53. b6 Rb1+ 54. Kc5 Rc1+ 55. Kb5 Rb1+ 56. Kc6 Rc1+ 57. Kd7 Rb1 58. Kc7 Rc1+ 59. Kb8 Rb1 60. b7 Kf7 61. Rc2 Ke7 62. Kc7 1-0

[Event "CZE-chT2F 1516"]
[Site "Czech Republic"]
[Date "2015.10.18"]
[Round "1.18"]
[White "Novak, Jiri4444"]
[Black "Melecky, Jaroslav"]
[Result "1/2-1/2"]
[WhiteElo "1937"]
[BlackElo "1977"]
[PlyCount "28"]
[EventDate "2015.10.18"]
[EventType "team-tourn"]
[EventRounds "11"]
[EventCountry "CZE"]
[SourceTitle "EXT 2022"]
[Source "ChessBase"]
[SourceDate "2021.10.06"]
[SourceVersion "1"]
[SourceVersionDate "2021.10.06"]
[SourceQuality "1"]
[WhiteTeam "Havirov Banik"]
[BlackTeam "Benesov Dolni"]
[WhiteTeamCountry "CZE"]
[BlackTeamCountry "CZE"]

1. d4 d5 2. Nf3 Nf6 3. g3 e6 4. Bg2 Be7 5. 0-0 0-0 6. Nbd2 c5 7. c4 cxd4 8. cxd5 Nxd5 9. Nb3 Nc6 10. Nbxd4 Nxd4 11. Nxd4 Bf6 12. e4 Nb6 13. Nf3 e5 14. b3 Qe7 1/2-1/2

[Event "Ostrava Konik op"]
[Site "Ostrava"]
[Date "2014.05.01"]
[Round "6"]
[White "Berka, Lubos"]
[Black "Melecky, Jaroslav"]
[Result "0-1"]
[WhiteElo "1793"]
[BlackElo "1973"]
[PlyCount "32"]
[EventDate "2014.04.26"]
[EventType "swiss"]
[EventRounds "9"]
[EventCountry "CZE"]
[SourceTitle "CBM 160 Extra"]
[Source "ChessBase"]
[SourceDate "2014.07.01"]
[SourceVersion "1"]
[SourceVersionDate "2014.07.01"]
[SourceQuality "1"]

1. e4 d5 2. exd5 Nf6 3. d4 Nxd5 4. c4 Nb6 5. Nf3 g6 6. Nc3 Bg7 7. Be3 0-0 8. Qc2 Nc6 9. Rd1 Bf5 10. Qc1 Bg4 11. b3 Bxf3 12. gxf3 Nxd4 13. Bxd4 Bxd4 14. Nd5 c5 15. Qg5 Nxd5 16. cxd5 Qa5+ 0-1

[Event "CZE-chT2F 1112"]
[Site "Czech Republic"]
[Date "2012.02.19"]
[Round "8.57"]
[White "Melecky, Jaroslav"]
[Black "Kudla, Richard"]
[Result "1/2-1/2"]
[WhiteElo "2006"]
[BlackElo "1974"]
[PlyCount "137"]
[EventDate "2011.10.09"]
[EventType "team-tourn"]
[EventRounds "11"]
[EventCountry "CZE"]
[SourceTitle "EXT 2013"]
[Source "ChessBase"]
[SourceDate "2012.11.22"]
[SourceVersion "1"]
[SourceVersionDate "2012.11.22"]
[SourceQuality "1"]
[WhiteTeam "Dolni Benesov"]
[BlackTeam "Poruba VOKD"]
[WhiteTeamCountry "CZE"]
[BlackTeamCountry "CZE"]

1. d4 c6 2. Nf3 d5 3. c4 Nf6 4. Nc3 a6 5. c5 Nbd7 6. Bf4 Nh5 7. e3 Nxf4 8. exf4 g6 9. Bd3 Bg7 10. 0-0 0-0 11. Re1 e6 12. Ne5 Qc7 13. Qg4 b6 14. b4 bxc5 15. bxc5 Nxe5 16. fxe5 f6 17. f4 Ra7 18. Na4 Qa5 19. Qd1 fxe5 20. fxe5 Raf7 21. Rf1 Qb4 22. Be2 Rf4 23. Rxf4 Rxf4 24. Rb1 Qa5 25. Rb8 Qc7 26. Rb6 a5 27. g3 Rf8 28. Qe1 Bxe5 29. dxe5 Qxe5 30. Qd2 d4 31. Rb1 Qe4 32. Qd3 Qd5 33. a3 e5 34. Qc4 Be6 35. Qxd5 Bxd5 36. Rf1 Rxf1+ 37. Kxf1 Kf7 38. Nb2 e4 39. Bc4 Ke6 40. Ke2 Bxc4+ 41. Nxc4 Kd5 42. Nxa5 Kxc5 43. Nb3+ Kc4 44. Nd2+ Kd5 45. a4 e3 46. a5 c5 47. a6 Kc6 48. Nc4 Kc7 49. Na5 Kb6 50. Nb3 Kxa6 51. Nxc5+ Kb5 52. Ne4 Kc4 53. g4 Kd5 54. Ng3 Ke5 55. Kf3 Kd5 56. h4 Ke5 57. Nf1 e2 58. Kxe2 Kf4 59. h5 g5 60. h6 Kxg4 61. Kd3 Kh5 62. Kxd4 Kxh6 63. Ke4 Kh5 64. Kf3 g4+ 65. Kg3 Kg5 66. Ne3 h5 67. Nxg4 hxg4 68. Kg2 Kf4 69. Kf2 1/2-1/2

[Event "CZE-chT2F 1112"]
[Site "Czech Republic"]
[Date "2012.02.05"]
[Round "7.25"]
[White "Pilch, Roman"]
[Black "Melecky, Jaroslav"]
[Result "1/2-1/2"]
[WhiteElo "2136"]
[BlackElo "2006"]
[PlyCount "159"]
[EventDate "2011.10.09"]
[EventType "team-tourn"]
[EventRounds "11"]
[EventCountry "CZE"]
[SourceTitle "EXT 2013"]
[Source "ChessBase"]
[SourceDate "2012.11.22"]
[SourceVersion "1"]
[SourceVersionDate "2012.11.22"]
[SourceQuality "1"]
[WhiteTeam "Trinec II"]
[BlackTeam "Dolni Benesov"]
[WhiteTeamCountry "CZE"]
[BlackTeamCountry "CZE"]

1. e4 d5 2. exd5 Nf6 3. Nf3 Nxd5 4. d4 g6 5. c3 Bg7 6. Be2 0-0 7. 0-0 Nc6 8. Nbd2 Nf4 9. Bb5 Qd5 10. Ba4 b5 11. Bc2 Bf5 12. Nb3 Bxc2 13. Qxc2 Ne6 14. Be3 f5 15. a4 a6 16. axb5 axb5 17. Rxa8 Rxa8 18. Ra1 Rxa1+ 19. Nxa1 Na5 20. b4 Nc4 21. Bc1 Nd8 22. Nb3 e5 23. dxe5 Nxe5 24. Nxe5 Qxe5 25. Bd2 Ne6 26. Qd3 h6 27. g3 c6 28. f4 Qc7 29. c4 Qd8 30. Qxd8+ Nxd8 31. cxb5 cxb5 32. Kf2 Kf7 33. Ke3 Nc6 34. Kd3 Ke6 35. Bc3 Bf8 36. Nd4+ Nxd4 37. Kxd4 Kd6 38. Kd3 Kd5 39. h4 Be7 40. Bd2 Bf6 41. Be3 Bd8 42. Bc5 Bc7 43. Be3 Bd6 44. Bd2 Bf8 45. Bc3 Be7 46. Bd2 Bf6 47. Be3 Bb2 48. Bc5 Bc1 49. Bf8 Ba3 50. Be7 Bb2 51. Bf8 Bd4 52. Bxh6 Bf2 53. Bg5 Bxg3 54. Bh6 Bxh4 55. Bf8 Bg3 56. Bh6 Bh4 57. Bf8 Bf6 58. Bc5 g5 59. fxg5 Bxg5 60. Bd4 Bf4 61. Bc3 Be5 62. Be1 Bd4 63. Bg3 Bg1 64. Bf4 Bf2 65. Bd2 Bg3 66. Be3 Bd6 67. Bd2 Be5 68. Be1 Ke6 69. Ke3 Kd5 70. Bd2 Ke6 71. Kd3 Kd5 72. Be1 Bf4 73. Bc3 Bg5 74. Be1 f4 75. Bd2 Bh6 76. Bc1 Ke5 77. Bd2 Kf5 78. Bxf4 Bxf4 79. Kd4 Be3+ 80. Kd5 1/2-1/2

[Event "CZE-chT2F 1011"]
[Site "Czech Republic"]
[Date "2010.11.21"]
[Round "3.7"]
[White "Kanok, Jaroslav"]
[Black "Melecky, Jaroslav"]
[Result "1/2-1/2"]
[WhiteElo "2186"]
[BlackElo "2025"]
[PlyCount "121"]
[EventDate "2010.10.17"]
[EventType "team-tourn"]
[EventRounds "11"]
[EventCountry "CZE"]
[SourceTitle "EXT 2012"]
[Source "ChessBase"]
[SourceDate "2011.11.24"]
[SourceVersion "1"]
[SourceVersionDate "2011.11.24"]
[SourceQuality "1"]
[WhiteTeam "Ostrava Labortech II"]
[BlackTeam "Benesov"]
[WhiteTeamCountry "CZE"]
[BlackTeamCountry "CZE"]

1. d4 d5 2. c4 c6 3. Nc3 Nf6 4. Nf3 e6 5. e3 Bd6 6. Bd3 Nbd7 7. 0-0 0-0 8. h3 dxc4 9. Bxc4 e5 10. e4 exd4 11. Qxd4 Bc5 12. Qd1 Qe7 13. Re1 Ne5 14. Nxe5 Qxe5 15. Be3 Bxe3 16. Rxe3 Be6 17. Bxe6 Qxe6 18. Qe2 Rfe8 19. f4 Nd5 20. Nxd5 cxd5 21. e5 Rac8 22. Rf1 Qb6 23. Kh2 Rc4 24. b3 Rc6 25. Rd3 Rd8 26. Qd2 Rc5 27. Rd4 Qc6 28. Rf2 b6 29. Qd3 Rc3 30. Qf5 Qg6 31. Qxg6 hxg6 32. Rfd2 Rc5 33. g4 a5 34. b4 axb4 35. Rxb4 b5 36. Rbd4 Kf8 37. f5 Ke7 38. Kg3 gxf5 39. gxf5 Rc3+ 40. R2d3 Rc5 41. a4 bxa4 42. Rxa4 Rd7 43. Ra6 Rb5 44. f6+ gxf6 45. exf6+ Kd8 46. Kf4 Kc8 47. Ra8+ Kb7 48. Re8 Kc6 49. Rc3+ Kd6 50. h4 Rb4+ 51. Kg5 d4 52. Rh3 Rb5+ 53. Kh6 Re5 54. Ra8 Ke6 55. Kg7 d3 56. Ra6+ Kf5 57. Ra1 d2 58. Rhh1 Re4 59. Ra5+ Ke6 60. Ra6+ Kf5 61. Ra5+ 1/2-1/2

[Event "CZE-chT2F 0910"]
[Site "Czech Republic"]
[Date "2010.02.14"]
[Round "7.7"]
[White "Melecky, Jaroslav"]
[Black "Fuksik, Jakub"]
[Result "0-1"]
[WhiteElo "2047"]
[BlackElo "2158"]
[PlyCount "88"]
[EventDate "2009.10.18"]
[EventType "team-tourn"]
[EventRounds "11"]
[EventCountry "CZE"]
[SourceTitle "EXT 2012"]
[Source "ChessBase"]
[SourceDate "2011.11.24"]
[SourceVersion "1"]
[SourceVersionDate "2011.11.24"]
[SourceQuality "1"]
[WhiteTeam "Benesov"]
[BlackTeam "Grygov II"]
[WhiteTeamCountry "CZE"]
[BlackTeamCountry "CSR"]

1. e4 e5 2. Nf3 Nc6 3. d4 exd4 4. Nxd4 Bc5 5. Nb3 Bb6 6. Nc3 Qf6 7. Qf3 Qxf3 8. gxf3 Nge7 9. Bf4 d6 10. a4 a6 11. Be3 Bxe3 12. fxe3 0-0 13. 0-0-0 f5 14. Bc4+ Kh8 15. f4 fxe4 16. Nxe4 Bg4 17. Ng5 Bxd1 18. Rxd1 Nd8 19. Nd4 d5 20. Bd3 h6 21. Nge6 Nxe6 22. Nxe6 Rf6 23. Nc5 b5 24. Nd7 Re6 25. Ne5 c6 26. axb5 axb5 27. Kb1 g6 28. h4 h5 29. Rg1 Rg8 30. Rg5 Rg7 31. c3 Kg8 32. Kc2 c5 33. Bxb5 Nf5 34. e4 dxe4 35. Rxf5 gxf5 36. Bc4 Rge7 37. Kd2 Kg7 38. Bxe6 Rxe6 39. b4 Rd6+ 40. Kc2 cxb4 41. cxb4 e3 42. Nf3 e2 43. b5 Rd1 44. b6 e1Q 0-1

[Event "Moravia-Silesia Region-chT 0708"]
[Site "Czech Republic"]
[Date "2008.02.10"]
[Round "7.7"]
[White "Melecky, Jaroslav"]
[Black "Rabatin, Jakub"]
[Result "1/2-1/2"]
[WhiteElo "2059"]
[BlackElo "1987"]
[PlyCount "105"]
[EventDate "2007.10.28"]
[EventType "team-tourn"]
[EventRounds "11"]
[EventCountry "CZE"]
[SourceTitle "EXT 2024"]
[Source "ChessBase"]
[SourceDate "2023.10.10"]
[SourceVersion "1"]
[SourceVersionDate "2023.10.10"]
[SourceQuality "1"]

1. e4 c5 2. Nf3 d6 3. d4 cxd4 4. Nxd4 Nf6 5. Nc3 a6 6. Be2 e5 7. Nb3 Be7 8. 0-0 Be6 9. Be3 Nbd7 10. f4 exf4 11. Bxf4 0-0 12. Kh1 Nb6 13. Qd4 Qc7 14. e5 Ne8 15. Rad1 Rd8 16. Ne4 dxe5 17. Qxe5 Rxd1 18. Bxd1 Qxe5 19. Bxe5 Nc4 20. Bd4 Ned6 21. Nxd6 Bxd6 22. Bf3 b6 23. Rd1 Bc7 24. Nd2 Rd8 25. Nxc4 Bxc4 26. b3 Be6 27. c3 f6 28. g3 Bd5 29. Kg2 Be5 30. Kf2 Bxf3 31. Kxf3 Bxd4 32. cxd4 Kf7 33. Ke4 Ke6 34. d5+ Kd6 35. Rc1 Re8+ 36. Kd4 Re2 37. Rc6+ Kd7 38. Rxb6 Rxa2 39. h4 Rd2+ 40. Kc4 a5 41. Rb7+ Kd6 42. Rxg7 h5 43. Ra7 Rc2+ 44. Kd3 Rg2 45. Ke4 Rxg3 46. Ra6+ Ke7 47. Rxa5 Rg4+ 48. Kf5 Rxh4 49. Ra6 Rd4 50. Re6+ Kd7 51. Rxf6 Rxd5+ 52. Ke4 Rb5 53. Rh6 1/2-1/2

[Event "Moravia-Silesia Region-chT 0708"]
[Site "Czech Republic"]
[Date "2008.01.20"]
[Round "6.8"]
[White "Melecky, Jaroslav"]
[Black "Pilch, Roman"]
[Result "1-0"]
[WhiteElo "2059"]
[BlackElo "2012"]
[PlyCount "141"]
[EventDate "2007.10.28"]
[EventType "team-tourn"]
[EventRounds "11"]
[EventCountry "CZE"]
[SourceTitle "EXT 2024"]
[Source "ChessBase"]
[SourceDate "2023.10.10"]
[SourceVersion "1"]
[SourceVersionDate "2023.10.10"]
[SourceQuality "1"]

1. e4 c5 2. Nf3 d6 3. d4 cxd4 4. Nxd4 Nf6 5. Nc3 g6 6. Be2 Bg7 7. Be3 0-0 8. 0-0 Nc6 9. Kh1 Bd7 10. Nb3 Rc8 11. f4 Qc7 12. Bd3 a6 13. a4 Rfd8 14. a5 Re8 15. Qd2 Be6 16. Bb6 Qd7 17. f5 Bxb3 18. cxb3 Ne5 19. Bc2 Rf8 20. Rad1 Qc6 21. Bb1 Neg4 22. Qe2 Ne5 23. Rd2 Qe8 24. Nd5 Qd7 25. Be3 Nxd5 26. Rxd5 Nc6 27. Rfd1 Nb4 28. R5d2 Qb5 29. Qxb5 axb5 30. Bg5 Nc6 31. Rd5 b4 32. Rb5 Rc7 33. Be3 Bxb2 34. Bb6 Rd7 35. Rbd5 Bc3 36. Bd3 Rc8 37. Bb5 Kf8 38. R1d3 Ke8 39. fxg6 hxg6 40. g3 Be5 41. Rd1 f6 42. Rc1 e6 43. Rd3 Rh7 44. a6 Kf8 45. axb7 Rxb7 46. Ba6 Rxb6 47. Bxc8 Ke7 48. Rc4 Bc3 49. Rd1 Ne5 50. Rc7+ Kd8 51. Rb7 Rxb7 52. Bxb7 Kc7 53. Ba6 Kc6 54. Bc8 d5 55. Bxe6 d4 56. h4 d3 57. Kg2 Kc5 58. g4 Kd4 59. h5 gxh5 60. gxh5 Ke3 61. h6 Ng6 62. Kg3 Kxe4 63. Rxd3 Kxd3 64. Bf5+ Ke3 65. Bxg6 f5 66. Bxf5 Bf6 67. Kg4 Kd4 68. Kh5 Ke5 69. Kg6 Be7 70. Bh3 Bf6 71. Kf7 1-0

[Event "Ostrava op-A"]
[Site "Ostrava"]
[Date "2003.05.10"]
[Round "9"]
[White "Bolacky, Jiri"]
[Black "Melecky, Jaroslav"]
[Result "0-1"]
[WhiteElo "2221"]
[BlackElo "2080"]
[PlyCount "76"]
[EventDate "2003.05.03"]
[EventType "swiss"]
[EventRounds "10"]
[EventCountry "CZE"]
[SourceTitle "EXT 2006"]
[Source "ChessBase"]
[SourceDate "2005.11.24"]
[SourceVersion "1"]
[SourceVersionDate "2005.11.24"]
[SourceQuality "1"]

1. e4 d5 2. exd5 Nf6 3. Nf3 Nxd5 4. d4 c6 5. c4 Nb6 6. b3 Bg4 7. Be2 e6 8. 0-0 Be7 9. Bb2 0-0 10. Ne5 Bxe2 11. Qxe2 N8d7 12. Rd1 Nf6 13. Nc3 Re8 14. Rd3 Nbd7 15. Rad1 Qc7 16. g4 Rad8 17. Nxf7 Kxf7 18. g5 Rg8 19. gxf6 gxf6+ 20. Rg3 Rg6 21. d5 e5 22. Ne4 Nc5 23. dxc6 Nxe4 24. Rxg6 Rxd1+ 25. Qxd1 Kxg6 26. Qg4+ Ng5 27. h4 f5 28. Qg3 f4 29. Qg2 Qxc6 30. hxg5 Qxg2+ 31. Kxg2 Kf5 32. f3 Bxg5 33. Ba3 e4 34. fxe4+ Kxe4 35. Bc5 a6 36. Kf2 Bf6 37. Bd6 h5 38. Kg2 Ke3 0-1

[Event "Ostrava op-A"]
[Site "Ostrava"]
[Date "2003.05.05"]
[Round "4"]
[White "Lys, Josef"]
[Black "Melecky, Jaroslav"]
[Result "1-0"]
[WhiteElo "2313"]
[BlackElo "2080"]
[PlyCount "118"]
[EventDate "2003.05.03"]
[EventType "swiss"]
[EventRounds "10"]
[EventCountry "CZE"]
[SourceTitle "EXT 2006"]
[Source "ChessBase"]
[SourceDate "2005.11.24"]
[SourceVersion "1"]
[SourceVersionDate "2005.11.24"]
[SourceQuality "1"]

1. Nf3 d5 2. g3 Nf6 3. Bg2 e6 4. 0-0 Be7 5. c4 0-0 6. b3 Nbd7 7. Bb2 c6 8. Qc2 b6 9. Nc3 Bb7 10. Rac1 c5 11. Ng5 h6 12. Nh3 Qc8 13. cxd5 exd5 14. d4 Rd8 15. Nf4 Nf8 16. dxc5 bxc5 17. Na4 N8d7 18. Bxf6 Bxf6 19. Nxd5 Bxd5 20. Bxd5 Rb8 21. Bg2 Qa6 22. Rfd1 Be7 23. Rd5 Qa5 24. Rcd1 Nf6 25. Rxd8+ Rxd8 26. e4 Qb4 27. Rxd8+ Bxd8 28. Nxc5 Qe1+ 29. Bf1 Bb6 30. Nd3 Qxe4 31. Qc8+ Kh7 32. Qc4 Qe7 33. Qf4 Qa3 34. Ne5 Qe7 35. Bd3+ g6 36. Nc6 Qe6 37. Qf3 Ng4 38. Bc4 Qe1+ 39. Kg2 Qxf2+ 40. Qxf2 Nxf2 41. Bxf7 Nd3 42. Bc4 Nc5 43. Kf3 Kg7 44. b4 Nd7 45. Be6 Nf6 46. a4 Ne8 47. a5 Bg1 48. h3 Kf6 49. Bc4 Nd6 50. Bd3 Ne8 51. b5 Nc7 52. Ke4 Bc5 53. Bc4 Bf2 54. g4 h5 55. Kf4 hxg4 56. hxg4 g5+ 57. Ke4 Bc5 58. Ne5 Bd6 59. Nc6 Bc5 1-0

[Event "MOR-chT2N 0203"]
[Site "Moravia"]
[Date "2003.02.16"]
[Round "8"]
[White "Melecky, Jaroslav"]
[Black "Geffert, Michal"]
[Result "1/2-1/2"]
[WhiteElo "2020"]
[BlackElo "2094"]
[PlyCount "155"]
[EventDate "2002.10.??"]
[EventType "team"]
[EventRounds "11"]
[EventCountry "CZE"]
[SourceTitle "EXT 2006"]
[Source "ChessBase"]
[SourceDate "2005.11.24"]
[SourceVersion "1"]
[SourceVersionDate "2005.11.24"]
[SourceQuality "1"]

1. e4 e6 2. d4 d5 3. Nd2 Nf6 4. e5 Nfd7 5. Bd3 c5 6. c3 Nc6 7. Ne2 cxd4 8. cxd4 f6 9. exf6 Nxf6 10. 0-0 Bd6 11. Nf3 0-0 12. Bg5 Qc7 13. Bh4 Bd7 14. Bg3 Rae8 15. Re1 e5 16. dxe5 Nxe5 17. Nxe5 Bxe5 18. Qb3 Kh8 19. Rac1 Qb8 20. Nd4 Bf4 21. Rcd1 Bg4 22. Rb1 Bh5 23. Ne6 Bxg3 24. hxg3 Rf7 25. Nf4 Rfe7 26. Rxe7 Rxe7 27. Nxh5 Nxh5 28. Qxd5 Nf6 29. Qf3 Qe5 30. Rc1 g6 31. b3 Kg7 32. a4 h5 33. Qf4 Qa5 34. Bc4 a6 35. Qd6 Rd7 36. Qf4 Qb6 37. Qf3 Ng4 38. Qc3+ Kh7 39. Qf3 Qd6 40. Rf1 Ne5 41. Qf4 Nxc4 42. Qxc4 Qd4 43. Qxd4 Rxd4 44. Re1 Rb4 45. Re3 a5 46. f4 b5 47. axb5 Rxb5 48. Kf2 Rb4 49. Kf3 a4 50. bxa4 Rxa4 51. g4 hxg4+ 52. Kxg4 Kh6 53. g3 Ra5 54. Re1 Rb5 55. Re5 Rb4 56. Re7 Ra4 57. Kf3 Ra3+ 58. Re3 Ra7 59. g4 Kg7 60. g5 Kf7 61. Kg4 Rb7 62. Rh3 Kg8 63. Rf3 Rb4 64. Rd3 Rb7 65. Kf3 Re7 66. Rc3 Kf7 67. Rc5 Kg7 68. Re5 Ra7 69. Kg4 Kf7 70. Re4 Ra5 71. Rb4 Ra7 72. f5 gxf5+ 73. Kxf5 Kg7 74. Rb5 Re7 75. Rb6 Ra7 76. Rg6+ Kh7 77. Rd6 Kg7 78. Kg4 1/2-1/2